[Event "DEM U12 2022"]
[Site "Willingen GER"]
[Date "2022.06.11"]
[Round "9"]
[White "Gulamzada, Elmir"]
[Black "Böhler, Yannic"]
[Result "1/2-1/2"]
[Termination "normal"]
[Board "22"]
[WhiteElo "1539"]
[BlackElo "1361"]
[WhiteClock "00:22:23"]
[BlackClock "00:34:18"]
[PlyCount "106"]
[WhiteFideId "34604332"]
[BlackFideId "34609059"]
[EventCountry "GER"]
[EventRounds "9"]
[EventType "swiss"]
[EventDate "2022.06.04"]

1. e4 {[%clk 01:30:57]} {[%emt 00:00:01]} c5 {[%emt 00:00:05]} 2. Nf3 {[%clk
01:31:18]} {[%emt 00:00:09]} Nc6 {[%clk 01:31:23]} {[%emt 00:00:05]} 3. d4
{[%clk 01:31:23]} {[%emt 00:00:24]} cxd4 {[%clk 01:31:46]} {[%emt 00:00:07]} 4.
Nxd4 {[%clk 01:28:10]} {[%emt 00:03:43]} Nf6 {[%clk 01:32:07]} {[%emt
00:00:09]} 5. Nc3 {[%clk 01:28:11]} {[%emt 00:00:29]} e6 {[%clk 01:32:28]}
{[%emt 00:00:09]} 6. Ndb5 {[%clk 01:27:49]} {[%emt 00:00:52]} Bb4 {[%clk
01:32:48]} {[%emt 00:00:10]} 7. a3 {[%clk 01:26:57]} {[%emt 00:01:22]} Bxc3+
{[%clk 01:32:45]} {[%emt 00:00:33]} 8. Nxc3 {[%clk 01:27:20]} {[%emt 00:00:07]}
d5 {[%clk 01:31:21]} {[%emt 00:01:54]} 9. exd5 {[%clk 01:23:40]} {[%emt
00:04:09]} exd5 {[%clk 01:31:25]} {[%emt 00:00:26]} 10. Bb5 {[%clk 01:19:29]}
{[%emt 00:04:41]} O-O {[%clk 01:27:41]} {[%emt 00:04:14]} 11. O-O {[%clk
01:17:28]} {[%emt 00:02:30]} Qd6 {[%clk 01:26:05]} {[%emt 00:02:07]} 12. h3
{[%clk 01:10:10]} {[%emt 00:07:49]} Kh8 {[%clk 01:19:47]} {[%emt 00:06:47]} 13.
Bg5 {[%clk 01:00:46]} {[%emt 00:09:55]} Be6 {[%emt 00:07:19]} 14. Qf3 {[%clk
00:50:47]} {[%emt 00:10:26]} Nd7 {[%clk 01:10:55]} {[%emt 00:02:36]} 15. Bf4
{[%clk 00:46:28]} {[%emt 00:04:49]} Qc5 {[%clk 01:04:15]} {[%emt 00:07:11]} 16.
Qg3 {[%clk 00:42:27]} {[%emt 00:04:30]} Qb6 {[%clk 00:51:16]} {[%emt 00:13:28]}
17. Rad1 {[%clk 00:35:31]} {[%emt 00:07:26]} Rac8 {[%clk 00:48:44]} {[%emt
00:03:01]} 18. Bd6 {[%clk 00:23:37]} {[%emt 00:12:26]} Rfd8 {[%clk 00:44:49]}
{[%emt 00:04:24]} 19. Qd3 {[%clk 00:20:18]} {[%emt 00:03:48]} Nde5 {[%clk
00:42:16]} {[%emt 00:03:04]} 20. Bxe5 {[%clk 00:18:29]} {[%emt 00:02:19]} Nxe5
{[%clk 00:42:26]} {[%emt 00:00:20]} 21. Qe2 {[%clk 00:18:29]} {[%emt 00:00:29]}
Nc4 {[%clk 00:40:07]} {[%emt 00:02:48]} 22. Rb1 {[%clk 00:12:08]} {[%emt
00:06:52]} Nxb2 {[%clk 00:34:47]} {[%emt 00:05:51]} 23. Na2 {[%clk 00:07:11]}
{[%emt 00:05:27]} a6 {[%clk 00:28:44]} {[%emt 00:06:33]} 24. Bd3 {[%clk
00:05:43]} {[%emt 00:01:58]} Qd4 {[%clk 00:24:30]} {[%emt 00:04:44]} 25. Bxh7
{[%clk 00:04:32]} {[%emt 00:01:40]} Kxh7 {[%clk 00:24:29]} {[%emt 00:00:30]}
26. c3 {[%clk 00:04:53]} {[%emt 00:00:11]} Qf6 {[%clk 00:24:29]} {[%emt
00:00:29]} 27. Qxb2 {[%clk 00:04:53]} {[%emt 00:00:30]} Qg6 {[%clk 00:19:34]}
{[%emt 00:05:25]} 28. Kh2 {[%clk 00:04:20]} {[%emt 00:01:03]} d4 {[%clk
00:17:50]} {[%emt 00:02:14]} 29. cxd4 {[%clk 00:02:27]} {[%emt 00:02:23]} Rc2
{[%clk 00:14:23]} {[%emt 00:03:57]} 30. Qb6 {[%clk 00:02:53]} {[%emt 00:00:04]}
Bd5 {[%clk 00:13:04]} {[%emt 00:01:49]} 31. Qxg6+ {[%clk 00:02:40]} {[%emt
00:00:42]} Kxg6 {[%clk 00:12:37]} {[%emt 00:00:57]} 32. Nb4 {[%clk 00:02:58]}
{[%emt 00:00:12]} Rc4 {[%clk 00:09:58]} {[%emt 00:03:09]} 33. Nxd5 {[%clk
00:02:53]} {[%emt 00:00:35]} Rxd5 {[%clk 00:10:11]} {[%emt 00:00:17]} 34. Rxb7
{[%clk 00:02:41]} {[%emt 00:00:42]} Rcxd4 {[%clk 00:09:17]} {[%emt 00:01:25]}
35. Rb6+ {[%clk 00:02:58]} {[%emt 00:00:13]} Rd6 {[%clk 00:09:33]} {[%emt
00:00:14]} 36. Rxd6+ {[%clk 00:03:05]} {[%emt 00:00:22]} Rxd6 {[%clk 00:09:53]}
{[%emt 00:00:10]} 37. Rb1 {[%clk 00:02:24]} {[%emt 00:01:11]} f6 {[%clk
00:09:59]} {[%emt 00:00:24]} 38. Rb3 {[%clk 00:02:42]} {[%emt 00:00:12]} Rd2
{[%clk 00:08:12]} {[%emt 00:02:17]} 39. Rb6 {[%clk 00:01:58]} {[%emt 00:01:15]}
Rxf2 {[%clk 00:08:28]} {[%emt 00:00:14]} 40. Rxa6 {[%clk 00:02:21]} {[%emt
00:00:07]} Ra2 {[%clk 00:08:28]} {[%emt 00:00:30]} 41. a4 {[%clk 00:00:44]}
{[%emt 00:02:06]} Ra3 {[%clk 00:07:12]} {[%emt 00:01:47]} 42. Ra7 {[%clk
00:30:08]} {[%emt 00:01:06]} Ra1 {[%clk 00:37:04]} {[%emt 00:00:37]} 43. a5
{[%clk 00:27:31]} {[%emt 00:03:07]} Kh7 {[%clk 00:36:02]} {[%emt 00:01:32]} 44.
a6 {[%clk 00:27:15]} {[%emt 00:00:47]} Kg6 {[%clk 00:36:16]} {[%emt 00:00:15]}
45. Ra8 {[%clk 00:27:00]} {[%emt 00:00:46]} Kh7 {[%clk 00:36:13]} {[%emt
00:00:32]} 46. a7 {[%clk 00:25:02]} {[%emt 00:02:29]} Kg6 {[%clk 00:36:23]}
{[%emt 00:00:19]} 47. Kg3 {[%clk 00:24:27]} {[%emt 00:01:05]} Kh7 {[%clk
00:33:48]} {[%emt 00:03:05]} 48. Kf4 {[%clk 00:21:57]} {[%emt 00:03:00]} Rf1+
{[%clk 00:33:15]} {[%emt 00:01:04]} 49. Ke4 {[%clk 00:21:53]} {[%emt 00:00:33]}
Re1+ {[%clk 00:33:35]} {[%emt 00:00:11]} 50. Kd3 {[%clk 00:21:29]} {[%emt
00:00:53]} Rd1+ {[%clk 00:33:33]} {[%emt 00:00:32]} 51. Kc2 {[%clk 00:21:47]}
{[%emt 00:00:12]} Ra1 {[%clk 00:33:52]} {[%emt 00:00:11]} 52. Kb2 {[%clk
00:22:04]} {[%emt 00:00:13]} Ra6 {[%clk 00:34:11]} {[%emt 00:00:11]} 53. Kb3
{[%clk 00:22:23]} {[%emt 00:00:11]} Kg6 {[%clk 00:34:18]} {[%emt 00:00:24]}
1/2-1/2

[Event "DEM U12 2022"]
[Site "Willingen GER"]
[Date "2022.06.11"]
[Round "9"]
[White "Mohammadzadeh, Daris"]
[Black "Prashanthakumar, Arju"]
[Result "1-0"]
[Termination "normal"]
[Board "23"]
[WhiteElo "1371"]
[BlackElo "1276"]
[WhiteClock "00:29:32"]
[BlackClock "00:30:01"]
[PlyCount "119"]
[WhiteFideId "34604359"]
[BlackFideId "34604065"]
[EventCountry "GER"]
[EventRounds "9"]
[EventType "swiss"]
[EventDate "2022.06.04"]

1. e4 {[%clk 01:30:59]} {[%emt 00:00:01]} e6 {[%clk 01:30:47]} {[%emt
00:00:13]} 2. d4 {[%clk 01:31:25]} {[%emt 00:00:04]} d5 {[%clk 01:31:11]}
{[%emt 00:00:06]} 3. Nd2 {[%clk 01:31:52]} {[%emt 00:00:03]} Nf6 {[%clk
01:31:27]} {[%emt 00:00:14]} 4. e5 {[%clk 01:32:18]} {[%emt 00:00:04]} Nfd7
{[%clk 01:31:47]} {[%emt 00:00:09]} 5. Bd3 {[%clk 01:32:41]} {[%emt 00:00:08]}
c5 {[%clk 01:31:43]} {[%emt 00:00:33]} 6. c3 {[%clk 01:33:02]} {[%emt
00:00:09]} Nc6 {[%clk 01:31:47]} {[%emt 00:00:25]} 7. Ne2 {[%clk 01:32:24]}
{[%emt 00:01:09]} cxd4 {[%clk 01:30:27]} {[%emt 00:01:51]} 8. cxd4 {[%clk
01:32:45]} {[%emt 00:00:09]} Qb6 {[%clk 01:30:01]} {[%emt 00:00:55]} 9. Nf3
{[%clk 01:32:04]} {[%emt 00:01:11]} f6 {[%clk 01:28:12]} {[%emt 00:02:19]} 10.
exf6 {[%clk 01:27:44]} {[%emt 00:04:50]} Nxf6 {[%clk 01:27:15]} {[%emt
00:01:28]} 11. O-O {[%clk 01:23:00]} {[%emt 00:05:13]} Bd6 {[%clk 01:25:18]}
{[%emt 00:02:27]} 12. Re1 {[%clk 01:18:55]} {[%emt 00:04:36]} O-O {[%clk
01:20:44]} {[%emt 00:05:03]} 13. Bc2 {[%clk 01:13:24]} {[%emt 00:06:01]} Bd7
{[%clk 01:13:01]} {[%emt 00:08:13]} 14. a3 {[%clk 01:03:49]} {[%emt 00:10:06]}
Qc7 {[%clk 01:04:15]} {[%emt 00:09:16]} 15. h3 {[%clk 00:58:56]} {[%emt
00:05:23]} Rac8 {[%clk 00:51:16]} {[%emt 00:13:28]} 16. Bb1 {[%clk 00:55:45]}
{[%emt 00:03:42]} a6 {[%clk 00:43:09]} {[%emt 00:08:37]} 17. g3 {[%clk
00:48:28]} {[%emt 00:07:46]} Nh5 {[%clk 00:38:37]} {[%emt 00:05:02]} 18. Kg2
{[%clk 00:45:55]} {[%emt 00:03:04]} Ne7 {[%clk 00:30:38]} {[%emt 00:08:29]} 19.
Ng5 {[%clk 00:40:11]} {[%emt 00:06:14]} h6 {[%clk 00:26:48]} {[%emt 00:04:19]}
20. Nc3 {[%clk 00:38:27]} {[%emt 00:02:14]} Nf6 {[%clk 00:22:17]} {[%emt
00:05:01]} 21. Nxe6 {[%clk 00:35:50]} {[%emt 00:03:07]} Bxe6 {[%clk 00:20:25]}
{[%emt 00:02:23]} 22. Rxe6 {[%clk 00:35:48]} {[%emt 00:00:31]} Rf7 {[%clk
00:18:13]} {[%emt 00:02:42]} 23. Re1 {[%clk 00:26:32]} {[%emt 00:09:47]} Rcf8
{[%clk 00:15:56]} {[%emt 00:02:46]} 24. Be3 {[%clk 00:25:43]} {[%emt 00:01:19]}
Nh7 {[%clk 00:11:47]} {[%emt 00:04:39]} 25. Re2 {[%clk 00:19:41]} {[%emt
00:06:32]} Rf3 {[%clk 00:08:09]} {[%emt 00:04:08]} 26. Rc2 {[%clk 00:09:14]}
{[%emt 00:10:58]} Qd7 {[%clk 00:04:57]} {[%emt 00:03:41]} 27. Ba2 {[%clk
00:06:48]} {[%emt 00:02:57]} Bxg3 {[%clk 00:03:26]} {[%emt 00:02:00]} 28. fxg3
{[%clk 00:06:36]} {[%emt 00:00:42]} Rxe3 {[%clk 00:03:39]} {[%emt 00:00:17]}
29. Rf2 {[%clk 00:04:07]} {[%emt 00:03:00]} Rxf2+ {[%clk 00:02:29]} {[%emt
00:01:39]} 30. Kxf2 {[%clk 00:04:35]} {[%emt 00:00:02]} Re6 {[%clk 00:02:32]}
{[%emt 00:00:27]} 31. Qb3 {[%clk 00:03:19]} {[%emt 00:01:47]} Nf6 {[%clk
00:01:50]} {[%emt 00:01:12]} 32. Kg2 {[%clk 00:03:00]} {[%emt 00:00:49]} Kh8
{[%clk 00:01:44]} {[%emt 00:00:35]} 33. Rf1 {[%clk 00:02:39]} {[%emt 00:00:50]}
Qd6 {[%clk 00:01:26]} {[%emt 00:00:50]} 34. Qxb7 {[%clk 00:02:07]} {[%emt
00:01:02]} Re3 {[%clk 00:01:13]} {[%emt 00:00:42]} 35. Rf3 {[%clk 00:01:37]}
{[%emt 00:01:00]} Rxf3 {[%clk 00:01:30]} {[%emt 00:00:13]} 36. Kxf3 {[%clk
00:02:06]} {[%emt 00:00:01]} Kh7 {[%clk 00:01:08]} {[%emt 00:00:53]} 37. Bb1+
{[%clk 00:01:15]} {[%emt 00:01:21]} Kh8 {[%clk 00:01:27]} {[%emt 00:00:11]} 38.
Qa8+ {[%clk 00:01:30]} {[%emt 00:00:15]} Neg8 {[%clk 00:01:45]} {[%emt
00:00:12]} 39. Ba2 {[%clk 00:01:33]} {[%emt 00:00:27]} Nh5 {[%clk 00:01:34]}
{[%emt 00:00:37]} 40. Ne2 {[%clk 00:00:46]} {[%emt 00:01:20]} Nhf6 {[%clk
00:01:38]} {[%emt 00:00:26]} 41. Qb7 {[%clk 00:25:05]} {[%emt 00:06:11]} Ne7
{[%clk 00:28:25]} {[%emt 00:03:43]} 42. Nf4 {[%clk 00:22:54]} {[%emt 00:02:41]}
g5 {[%clk 00:25:45]} {[%emt 00:03:10]} 43. Qxe7 {[%clk 00:22:42]} {[%emt
00:00:43]} Qxe7 {[%clk 00:24:52]} {[%emt 00:01:22]} 44. Ng6+ {[%clk 00:23:10]}
{[%emt 00:00:02]} Kg7 {[%clk 00:25:11]} {[%emt 00:00:11]} 45. Nxe7 {[%clk
00:23:38]} {[%emt 00:00:03]} Kf7 {[%clk 00:25:05]} {[%emt 00:00:35]} 46. Nxd5
{[%clk 00:23:59]} {[%emt 00:00:10]} Nxd5 {[%clk 00:25:24]} {[%emt 00:00:10]}
47. Bxd5+ {[%clk 00:24:27]} {[%emt 00:00:02]} Ke7 {[%clk 00:25:43]} {[%emt
00:00:10]} 48. b4 {[%clk 00:24:47]} {[%emt 00:00:11]} Kd6 {[%clk 00:26:08]}
{[%emt 00:00:05]} 49. Bb7 {[%clk 00:25:13]} {[%emt 00:00:05]} a5 {[%emt
00:00:10]} 50. bxa5 {[%clk 00:25:40]} {[%emt 00:00:02]} Kc7 {[%clk 00:26:51]}
{[%emt 00:00:07]} 51. a6 {[%clk 00:26:07]} {[%emt 00:00:04]} Kb8 {[%clk
00:27:16]} {[%emt 00:00:04]} 52. d5 {[%clk 00:26:33]} {[%emt 00:00:04]} Kc7
{[%clk 00:27:38]} {[%emt 00:00:08]} 53. d6+ {[%clk 00:26:56]} {[%emt 00:00:08]}
Kxd6 {[%clk 00:28:02]} {[%emt 00:00:05]} 54. a7 {[%clk 00:27:23]} {[%emt
00:00:03]} Kc7 {[%clk 00:28:27]} {[%emt 00:00:05]} 55. a8=Q {[%clk 00:27:49]}
{[%emt 00:00:05]} Kb6 {[%clk 00:28:46]} {[%emt 00:00:11]} 56. Qc8 {[%clk
00:28:08]} {[%emt 00:00:11]} Ka7 {[%clk 00:28:59]} {[%emt 00:00:16]} 57. Bd5
{[%clk 00:28:20]} {[%emt 00:00:19]} Kb6 {[%clk 00:29:20]} {[%emt 00:00:08]} 58.
Qc6+ {[%clk 00:28:44]} {[%emt 00:00:06]} Ka5 {[%clk 00:29:41]} {[%emt
00:00:10]} 59. Bc4 {[%clk 00:29:05]} {[%emt 00:00:09]} h5 {[%clk 00:30:01]}
{[%emt 00:00:09]} 60. Qb5# {[%clk 00:29:32]} {[%emt 00:00:04]} 1-0

[Event "DEM U12 2022"]
[Site "Willingen GER"]
[Date "2022.06.11"]
[Round "9"]
[White "Radeke, Timothy"]
[Black "Gavrylyuk, Oleksandr"]
[Result "1-0"]
[Termination "normal"]
[Board "24"]
[WhiteElo "1129"]
[BlackElo "1272"]
[WhiteClock "00:18:29"]
[BlackClock "00:28:31"]
[PlyCount "111"]
[WhiteFideId "16289412"]
[BlackFideId "34609083"]
[EventCountry "GER"]
[EventRounds "9"]
[EventType "swiss"]
[EventDate "2022.06.04"]

1. e4 {[%clk 01:30:58]} {[%emt 00:00:01]} c5 {[%clk 01:30:51]} {[%emt
00:00:10]} 2. Nf3 {[%clk 01:31:13]} {[%emt 00:00:14]} Nc6 {[%clk 01:31:11]}
{[%emt 00:00:10]} 3. d4 {[%clk 01:31:37]} {[%emt 00:00:06]} cxd4 {[%clk
01:31:32]} {[%emt 00:00:09]} 4. Nxd4 {[%clk 01:31:57]} {[%emt 00:00:09]} g6
{[%clk 01:31:42]} {[%emt 00:00:19]} 5. Nxc6 {[%clk 01:32:17]} {[%emt 00:00:11]}
bxc6 {[%clk 01:31:53]} {[%emt 00:00:20]} 6. Qd4 {[%clk 01:32:34]} {[%emt
00:00:11]} Nf6 {[%clk 01:32:10]} {[%emt 00:00:13]} 7. e5 {[%clk 01:32:56]}
{[%emt 00:00:07]} Ng8 {[%clk 01:32:28]} {[%emt 00:00:13]} 8. Bf4 {[%clk
01:33:10]} {[%emt 00:00:17]} Bg7 {[%clk 01:32:38]} {[%emt 00:00:20]} 9. Nd2
{[%clk 01:33:27]} {[%emt 00:00:13]} d5 {[%clk 01:32:35]} {[%emt 00:00:31]} 10.
O-O-O {[%clk 01:31:29]} {[%emt 00:02:29]} Nh6 {[%clk 01:31:49]} {[%emt
00:01:16]} 11. Nb3 {[%clk 01:23:44]} {[%emt 00:08:15]} Nf5 {[%clk 01:30:45]}
{[%emt 00:01:34]} 12. Qd2 {[%clk 01:17:11]} {[%emt 00:07:04]} e6 {[%clk
01:28:25]} {[%emt 00:02:49]} 13. g4 {[%clk 01:13:44]} {[%emt 00:03:57]} Ne7
{[%clk 01:28:23]} {[%emt 00:00:33]} 14. Bd3 {[%clk 01:09:47]} {[%emt 00:04:26]}
Rb8 {[%clk 01:25:18]} {[%emt 00:03:33]} 15. h4 {[%clk 01:05:36]} {[%emt
00:04:43]} Bd7 {[%clk 01:19:18]} {[%emt 00:06:30]} 16. h5 {[%clk 01:01:51]}
{[%emt 00:04:15]} Qc7 {[%clk 01:15:24]} {[%emt 00:04:24]} 17. Qe3 {[%clk
00:57:10]} {[%emt 00:05:11]} Qb6 {[%clk 01:10:30]} {[%emt 00:05:24]} 18. Qxb6
{[%clk 00:49:18]} {[%emt 00:08:22]} axb6 {[%clk 01:10:09]} {[%emt 00:00:50]}
19. h6 {[%clk 00:46:30]} {[%emt 00:03:18]} Bf8 {[%clk 01:08:26]} {[%emt
00:02:13]} 20. Bg5 {[%clk 00:43:12]} {[%emt 00:03:48]} Ng8 {[%clk 01:04:07]}
{[%emt 00:04:48]} 21. Nd4 {[%clk 00:42:41]} {[%emt 00:01:01]} Be7 {[%clk
01:00:29]} {[%emt 00:04:07]} 22. Nf3 {[%clk 00:36:40]} {[%emt 00:06:33]} b5
{[%clk 00:58:15]} {[%emt 00:02:44]} 23. Rh3 {[%clk 00:34:14]} {[%emt 00:02:55]}
b4 {[%clk 00:57:49]} {[%emt 00:00:54]} 24. Bxe7 {[%clk 00:32:43]} {[%emt
00:02:03]} Nxe7 {[%clk 00:57:28]} {[%emt 00:00:50]} 25. Ng5 {[%clk 00:31:16]}
{[%emt 00:01:58]} c5 {[%clk 00:54:37]} {[%emt 00:03:21]} 26. b3 {[%clk
00:29:39]} {[%emt 00:02:08]} O-O {[%clk 00:53:34]} {[%emt 00:01:32]} 27. Nf3
{[%clk 00:24:12]} {[%emt 00:05:57]} Ra8 {[%clk 00:50:37]} {[%emt 00:03:25]} 28.
Kb2 {[%clk 00:23:58]} {[%emt 00:00:47]} Rfc8 {[%clk 00:45:33]} {[%emt
00:05:11]} 29. Ra1 {[%clk 00:18:27]} {[%emt 00:06:24]} c4 {[%clk 00:42:18]}
{[%emt 00:03:45]} 30. Be2 {[%clk 00:17:55]} {[%emt 00:01:03]} Bb5 {[%clk
00:39:23]} {[%emt 00:03:23]} 31. Nd4 {[%clk 00:14:30]} {[%emt 00:03:55]} c3+
{[%clk 00:38:40]} {[%emt 00:01:14]} 32. Kc1 {[%clk 00:12:36]} {[%emt 00:02:24]}
Bxe2 {[%clk 00:38:56]} {[%emt 00:00:14]} 33. Nxe2 {[%clk 00:13:01]} {[%emt
00:00:06]} Rc7 {[%clk 00:33:48]} {[%emt 00:05:27]} 34. f4 {[%clk 00:10:44]}
{[%emt 00:02:58]} Rca7 {[%clk 00:32:39]} {[%emt 00:01:39]} 35. Kb1 {[%clk
00:08:29]} {[%emt 00:02:45]} Nc8 {[%clk 00:29:56]} {[%emt 00:03:09]} 36. Nd4
{[%clk 00:06:05]} {[%emt 00:02:58]} Kf8 {[%clk 00:28:45]} {[%emt 00:01:38]} 37.
Rg3 {[%clk 00:05:07]} {[%emt 00:01:31]} Ra6 {[%clk 00:26:22]} {[%emt 00:02:52]}
38. f5 {[%clk 00:02:25]} {[%emt 00:03:13]} R8a7 {[%clk 00:26:08]} {[%emt
00:00:44]} 39. fxg6 {[%clk 00:02:10]} {[%emt 00:00:45]} fxg6 {[%clk 00:26:22]}
{[%emt 00:00:16]} 40. Rf3+ {[%clk 00:02:05]} {[%emt 00:00:36]} Ke8 {[%clk
00:24:41]} {[%emt 00:02:03]} 41. Rf6 {[%clk 00:02:23]} {[%emt 00:00:19]} Rf7
{[%clk 00:19:21]} {[%emt 00:05:50]} 42. g5 {[%clk 00:23:54]} {[%emt 00:08:59]}
Rxf6 {[%clk 00:48:30]} {[%emt 00:01:21]} 43. exf6 {[%clk 00:24:08]} {[%emt
00:00:16]} e5 {[%clk 00:48:46]} {[%emt 00:00:14]} 44. Nb5 {[%clk 00:24:02]}
{[%emt 00:00:37]} Rc6 {[%clk 00:48:07]} {[%emt 00:01:09]} 45. a4 {[%clk
00:21:54]} {[%emt 00:02:38]} Nd6 {[%clk 00:46:29]} {[%emt 00:02:06]} 46. Nxd6+
{[%clk 00:22:10]} {[%emt 00:00:17]} Rxd6 {[%clk 00:46:50]} {[%emt 00:00:08]}
47. a5 {[%clk 00:22:34]} {[%emt 00:00:06]} Ra6 {[%clk 00:46:41]} {[%emt
00:00:38]} 48. Kc1 {[%clk 00:22:55]} {[%emt 00:00:11]} Kf7 {[%clk 00:46:18]}
{[%emt 00:00:52]} 49. Kd1 {[%clk 00:23:18]} {[%emt 00:00:08]} Ke6 {[%clk
00:46:39]} {[%emt 00:00:08]} 50. Ke2 {[%clk 00:23:35]} {[%emt 00:00:14]} Kf7
{[%clk 00:37:16]} {[%emt 00:09:52]} 51. Kd3 {[%clk 00:23:16]} {[%emt 00:00:50]}
Ke6 {[%clk 00:35:35]} {[%emt 00:02:10]} 52. Ra4 {[%clk 00:23:34]} {[%emt
00:00:13]} Kf5 {[%clk 00:29:11]} {[%emt 00:06:54]} 53. Rxb4 {[%clk 00:19:06]}
{[%emt 00:04:59]} Kxg5 {[%clk 00:27:47]} {[%emt 00:01:53]} 54. f7 {[%clk
00:17:57]} {[%emt 00:01:39]} Ra8 {[%clk 00:28:09]} {[%emt 00:00:08]} 55. a6
{[%clk 00:18:10]} {[%emt 00:00:18]} Kf6 {[%clk 00:28:31]} {[%emt 00:00:07]} 56.
Rb7 {[%clk 00:18:29]} {[%emt 00:00:12]} 1-0

[Event "DEM U12 2022"]
[Site "Willingen GER"]
[Date "2022.06.11"]
[Round "9"]
[White "Riechenberg, Sebastian"]
[Black "Pham, Jacky"]
[Result "1-0"]
[Termination "normal"]
[Board "25"]
[WhiteElo "1668"]
[BlackElo "1189"]
[WhiteClock "01:06:04"]
[BlackClock "00:37:45"]
[PlyCount "75"]
[WhiteFideId "34605231"]
[BlackFideId "34611606"]
[EventCountry "GER"]
[EventRounds "9"]
[EventType "swiss"]
[EventDate "2022.06.04"]

1. e4 {[%clk 01:30:59]} {[%emt 00:00:01]} e6 {[%clk 01:30:53]} {[%emt
00:00:08]} 2. d4 {[%clk 01:31:25]} {[%emt 00:00:04]} d5 {[%clk 01:31:15]}
{[%emt 00:00:07]} 3. Nd2 {[%clk 01:31:51]} {[%emt 00:00:04]} Nf6 {[%clk
01:31:36]} {[%emt 00:00:09]} 4. e5 {[%clk 01:32:16]} {[%emt 00:00:04]} Nfd7
{[%clk 01:32:00]} {[%emt 00:00:07]} 5. Bd3 {[%clk 01:32:41]} {[%emt 00:00:05]}
c5 {[%clk 01:32:11]} {[%emt 00:00:18]} 6. c3 {[%clk 01:33:07]} {[%emt
00:00:05]} Nc6 {[%clk 01:32:20]} {[%emt 00:00:21]} 7. Ne2 {[%clk 01:33:33]}
{[%emt 00:00:05]} Qb6 {[%clk 01:31:38]} {[%emt 00:01:11]} 8. Nf3 {[%clk
01:33:55]} {[%emt 00:00:07]} Be7 {[%clk 01:31:21]} {[%emt 00:00:47]} 9. O-O
{[%clk 01:34:20]} {[%emt 00:00:05]} h6 {[%clk 01:31:01]} {[%emt 00:00:51]} 10.
Qd2 {[%clk 01:34:16]} {[%emt 00:00:34]} O-O {[%clk 01:29:16]} {[%emt 00:02:15]}
11. Nf4 {[%clk 01:34:34]} {[%emt 00:00:12]} a5 {[%clk 01:21:03]} {[%emt
00:08:43]} 12. Nh5 {[%clk 01:33:13]} {[%emt 00:01:50]} f5 {[%clk 01:15:28]}
{[%emt 00:06:05]} 13. Nxg7 {[%clk 01:19:40]} {[%emt 00:14:03]} Rf7 {[%clk
00:55:52]} {[%emt 00:20:06]} 14. Nxe6 {[%clk 01:17:31]} {[%emt 00:02:38]} Ncxe5
{[%clk 00:53:25]} {[%emt 00:02:58]} 15. dxe5 {[%clk 01:11:58]} {[%emt
00:06:03]} Qxe6 {[%clk 00:53:03]} {[%emt 00:00:51]} 16. Qxh6 {[%clk 01:11:53]}
{[%emt 00:00:36]} Nxe5 {[%clk 00:50:33]} {[%emt 00:02:59]} 17. Nxe5 {[%clk
01:11:11]} {[%emt 00:01:13]} Qxe5 {[%clk 00:49:33]} {[%emt 00:01:30]} 18. Bf4
{[%clk 01:09:25]} {[%emt 00:02:16]} Qf6 {[%clk 00:45:39]} {[%emt 00:04:24]} 19.
Qxf6 {[%clk 01:09:20]} {[%emt 00:00:35]} Bxf6 {[%clk 00:45:41]} {[%emt
00:00:27]} 20. Rfe1 {[%clk 01:09:34]} {[%emt 00:00:16]} Bd7 {[%clk 00:45:02]}
{[%emt 00:01:08]} 21. Rad1 {[%clk 01:07:22]} {[%emt 00:02:43]} Rg7 {[%clk
00:42:46]} {[%emt 00:02:47]} 22. Be5 {[%clk 01:07:29]} {[%emt 00:00:23]} Bxe5
{[%clk 00:42:30]} {[%emt 00:00:45]} 23. Rxe5 {[%clk 01:07:52]} {[%emt
00:00:07]} Bc6 {[%clk 00:42:08]} {[%emt 00:00:52]} 24. Bxf5 {[%clk 01:04:30]}
{[%emt 00:03:52]} d4 {[%clk 00:41:06]} {[%emt 00:01:32]} 25. Be6+ {[%clk
01:03:53]} {[%emt 00:01:07]} Kf8 {[%clk 00:40:14]} {[%emt 00:01:22]} 26. Bd5
{[%clk 01:02:51]} {[%emt 00:01:32]} Bxd5 {[%clk 00:39:35]} {[%emt 00:01:09]}
27. Rxd5 {[%clk 01:03:18]} {[%emt 00:00:04]} dxc3 {[%clk 00:39:37]} {[%emt
00:00:27]} 28. bxc3 {[%clk 01:03:44]} {[%emt 00:00:05]} b6 {[%clk 00:39:23]}
{[%emt 00:00:44]} 29. Rb1 {[%clk 01:04:04]} {[%emt 00:00:09]} Rb8 {[%clk
00:39:19]} {[%emt 00:00:33]} 30. Rxc5 {[%clk 01:04:30]} {[%emt 00:00:06]} Rd7
{[%clk 00:39:21]} {[%emt 00:00:27]} 31. Rcb5 {[%clk 01:04:29]} {[%emt
00:00:31]} Rd2 {[%clk 00:39:03]} {[%emt 00:00:47]} 32. c4 {[%clk 01:04:38]}
{[%emt 00:00:22]} Rd4 {[%clk 00:38:09]} {[%emt 00:01:24]} 33. c5 {[%clk
01:04:44]} {[%emt 00:00:25]} Rbd8 {[%clk 00:38:18]} {[%emt 00:00:20]} 34. g3
{[%clk 01:04:48]} {[%emt 00:00:26]} bxc5 {[%clk 00:37:59]} {[%emt 00:00:50]}
35. Rxc5 {[%clk 01:05:09]} {[%emt 00:00:09]} Ra4 {[%clk 00:37:49]} {[%emt
00:00:38]} 36. Rc2 {[%clk 01:05:20]} {[%emt 00:00:20]} Rad4 {[%clk 00:37:44]}
{[%emt 00:00:34]} 37. Kg2 {[%clk 01:05:39]} {[%emt 00:00:11]} a4 {[%clk
00:37:45]} {[%emt 00:00:30]} 38. h4 {[%clk 01:06:04]} {[%emt 00:00:04]} 1-0